| 000 | 01239nam a2200325 a 4500 | ||
|---|---|---|---|
| 005 | 20191224041613.0 | ||
| 008 | 140121b2000 ck ||||| |||| 00| 0 spa d | ||
| 041 | _aspa | ||
| 044 | _ack | ||
| 090 |
_aIAvH _b00143 |
||
| 100 |
_aHernández Salgar, Ana María _94260 |
||
| 110 |
_9204 _aInstituto de Investigación de Recursos Biológicos Alexander von Humboldt _bInstituto de Investigación de Recursos Biológicos Alexander von Humboldt |
||
| 245 |
_aBiodiversidad y variedades vegetales _bla protección de las nuevas variedades vegetales y su relación con la diversidad biológica |
||
| 260 |
_aBogotá _bInstituto Alexander von Humboldt _c2000 |
||
| 300 | _a73 | ||
| 650 |
_aVariedades vegetales _93863 |
||
| 650 |
_aBiodiversidad _992204 |
||
| 650 |
_aCooperación científica _94388 |
||
| 650 |
_aPropiedad intelectual _94219 |
||
| 650 |
_aCooperación tecnológica _94452 |
||
| 650 |
_aUso sostenible _9344 |
||
| 650 |
_aConservación in situ _93264 |
||
| 650 |
_aConservación ex situ _94301 |
||
| 650 |
_aAcceso a recursos genéticos _94137 |
||
| 650 |
_aRecursos fitogenéticos _93526 |
||
| 650 |
_aBiotecnología _9460 |
||
| 650 |
_aBioseguridad _94299 |
||
| 650 |
_aUso de biodiversidad _9343 |
||
| 942 |
_cCD-ROM _2z _02 |
||
| 999 |
_c1786 _d1786 |
||